Ricostruisci la Carriera del Calciatore - M'Bala Nzola - Statistics

Statistiche generali
  • Questo quiz è stato fatto 5 volte
  • Il punteggio medio è 4 su 7
Statistiche sulle risposte
Hint Risposta % Corretto
2015 Académica
100%
2017-2018 Carpi
67%
2023- Fiorentina
67%
2020-2023 Spezia
67%
2016-2017 Virtus Francavilla
67%
2015-2016 Sertanense
33%
2018-2020 Trapani
0%
Nessun quiz corrispondente trovato
Distribuzione punteggi
Percentuale di utenti per punteggio
Percentile per numero di risposta
I tuoi punteggi nel tempo
Non hai fatto questo quiz